000 00427nam a2200133Ia 4500
008 230917s9999||||xx |||||||||||||| ||und||
040 _e107428
_aMAIN
041 _aEnglish
082 _a615.842 S61E
100 _aSingh, Harmeet Singh
245 0 _aEvoluation of protaolytic Enzyemes (Trypsin, chymtrypsin, and Papain) as Radiation effect modifiers in locally advanced Head and Neck Cancers
300 _a166 p.
942 _cTH
999 _c89461
_d89461